Χρηματοδότηση και αξιολόγηση επενδύσεων

Αποθηκεύτηκε σε:
Λεπτομέρειες βιβλιογραφικής εγγραφής
Κύριος συγγραφέας: Τσακλάγκανος, Άγγελος Α.
Μορφή: Βιβλίο
Γλώσσα:Greek
Δημοσίευση: Θεσσαλονίκη : Κυριακίδης, 1988
Έκδοση:3η έκδ.
Θέματα:
Ετικέτες: Προσθήκη ετικέτας
Δεν υπάρχουν, Καταχωρήστε ετικέτα πρώτοι!

MARC

LEADER 00000nam a2200000 i 4500
001 1/97797
008 950223s1988 gre d
035 |l 10010696 
040 |a GR-MY-UA  |b gre  |e aacr 
041 0 |a gre 
082 0 |a 332.6 
100 1 |a Τσακλάγκανος, Άγγελος Α. 
245 1 0 |a Χρηματοδότηση και αξιολόγηση επενδύσεων /  |c Αγγελος Α. Τσακλαγκάνος 
250 |a 3η έκδ. 
260 |a Θεσσαλονίκη :   |b Κυριακίδης,   |c 1988 
300 |a 190 σ. 
650 0 0 |a Investments. 
650 0 0 |a Investment banking. 
852 |a INST  |b LESVOS  |e 19981015  |h 332.6 ΤΣΑ  |p 005100001780  |q 005100001780  |t BK  |y 0  |z τ.2. 
852 |a INST  |b LESVOS  |e 19950223  |h 332.6 ΤΣΑ  |p 005100002760  |q 005100002760  |t BK  |y 0  |z τ.1 
852 |a INST  |b LESVOS  |e 19981015  |h 332.6 ΤΣΑ  |p 005100001780  |q 005100001780  |t BK  |v τ.2.:  |y 0  |z τ.2. 
852 |a INST  |b LESVOS  |e 19950223  |h 332.6 ΤΣΑ  |p 005100002760  |q 005100002760  |t BK  |v τ.1:  |y 0  |z τ.1 
853 |a INST  |b LESVOS  |h 332.6 ΤΣΑ 
909 |a Λ  |b 009341 
909 |a Λ  |b 009342 
922 |a 1ΔΩΡ  |b 198801